Quizzes
Events
Quiz Creation
Community
Videos
Private Events
Remove Ads
Sign In
Join for FREE
Feedback
Dark Mode
Quiz Categories
Sports
Geography
Music
Movies
Television
Just For Fun
Miscellaneous
History
Literature
Language
Science
Gaming
Entertainment
Religion
Holiday
For Kids
Quiz Lab
Recent
Popular Today
Quiz Kudos Today
Editor Picks
Curator Picks
Quizzes by...
Day
Popularity
Type
Ratings
Length
Year
Community
Subscriptions
Recent Discussions
Orange Saloon
Badges
Playlists
Quests
Create
Leaderboards
Showdown
Live 5
Trivia Bingo
Activity
Puzzle Library
Sporcle Events
Private Events
Virtual Trivia
Globe League
Become a Host
Pub Owners
SporcleCon
Opinionation
Our Games
Videos
Blog
Mobile Apps
Partnerships
Remove Ads and Go Orange
Feedback
Literature
Harry Potter
A Song of Ice and Fire
The Hunger Games
Literary Character
Shakespeare
Book
Author
Novel
Poem
Young Adult
Children's Books
Play
Lord of the Rings
Literature
Harry Potter
A Song of Ice and Fire
The Hunger Games
Literary Character
Shakespeare
Book
Author
Novel
Poem
Young Adult
Children's Books
Play
Lord of the Rings
Random Quiz
Search Sporcle
×
Quiz Lab
Quiz Lab
Literature
Book
Type in answers that appear in a list
Type in answers that appear in a list
Classic
Best Score? Go Orange.
Michael Chabon Books Stats
Can you name the Michael Chabon Books?
By
LinuxLinus
4m
11 Questions
96 Plays
96 Plays
96 Plays
Comments
Comments
Give Quiz Kudos
Give Quiz Kudos
-
- Ratings
hide this ad
Replay
Link that replays current quiz
Next Quiz
Link to next quiz in quiz playlist
You Got
0%
They Got
Avg Score
59%
Avg Friend Score
Upgrade to see
Score Distribution
Jump to the score distribution portion of the page
Score
0/11
Timer
04:00
0
Plays Today
Year
% Correct
2000
The Amazing Adventures of Kavalier & Clay
93.7%
1995
Wonderboys
86.3%
1988
The Mysteries of Pittsburgh
84.2%
2007
The Yiddish Policemen's Union
73.7%
2004
The Final Solution
58.9%
2002
Summerland
56.8%
2007
Gentlemen of the Road
46.3%
1999
Werewolves in Their Youth
44.2%
2009
Manhood for Amateurs
38.9%
1991
A Model World and Other Stories
32.6%
2008
Maps and Legends
29.5%
Quiz Playlist
Details
Report
Send in Message
Add To Playlist
Classic:
Type in answers that appear in a list
Last Updated: Feb 16, 2017
Quiz Scoreboard
CHALLENGE
Sign Up to Join the Scoreboard
Show All
Scores
Hide
Comments
May contain spoilers
Recently Published
NBA Finals Game Top Scorers (2010s)
by flibbidy
Sports
5m
Guess the 'R' Things in 3 Words
by MSUKent
Miscellaneous
3m
Actor to Badly Drawn Movie III
by MoMosMoProblems
Movies
5m
More to Explore
Quiz From the Vault
Featured Blog Post
Where Does Lost Luggage Go?
hide this ad
You Might Also Like...
Tags
Book Quiz
michael
Today's Top Quizzes in Literature
Browse Literature
hide this ad
Today's Top Quizzes in Book
Browse Book
Top Contributed Quizzes in Literature
1
3-Word Books in 1 Word II
2
Mad Scientists in Literature
3
Image Sorting: Children's Book Characters
4
Pick 3: Harry Potter Hogwarts Quidditch Players
5
HP Logic Puzzle: 'Eyes green as fresh-picked toads...'
6
Harry Potter Logic Quiz New
7
Quick Pick: Margaret Atwood Novels
8
Quick Pick: Literary Title Characters 1
9
Literature Missing Word Rainbow
10
Sneaky Slytherin Logic Puzzle
Explore More
Trending Topics
Harry Potter
Crossword
NBA
Anime
Disney
Kpop
Marvel
Country
NFL
Pokémon
Song
Soccer
The Office
WWE
Puzzle
hide this ad
More By:
LinuxLinus
Quiz
Plays
Rating
Category
Featured
Created
Mad Men characters
2,811
2.58
Television
Oct 6, 2009
Team Quiz: Seattle Mariners
787
3.00
Sports
Apr 9, 2010
Oregon Cities by Population
523
3.75
Geography
Sep 30, 2009
The Cities of Interstate 5
485
3.67
Geography
Oct 29, 2009
Dylan Songs by Letter
247
1.67
Music
Sep 30, 2009
Go to Creator's Profile
Score Distribution
Quiz Creator Spotlight
LinuxLinus
Follow
Send a Message
Quizzes Created
-
Created Quiz Play Count
-
More By This Creator
Popular Quizzes Today
1
Find the US States - No Outlines Minefield
2
Find the US States
3
The Countries of the World
4
10 Largest US States in Order
5
Find the Countries of Europe - No Outlines Minefield
6
US States
7
Guess the 'R' Things in 3 Words
8
NBA Finals Game Top Scorers (2010s)
More Literature Quizzes
ASOIAF: A Game of Spellings
Published
Trending Quizzes
First Name TV: Leading Men
Match the Book to the Film II
First Name TV: Leading Women Drama
3-Word Movies in 1 Word II
Match the Book to the Film VI
Recently Updated
Women's Final Four Teams by Year
bhenderson79
Presidents Quartet II
eogle
Anything But Clue(do)
eogle
Anything But Oceanian Capitals
eogle
Anything But 7
eogle
Anything But Thing
eogle
Word Ladder: February 29
pecheneg
Song Title Questions
pecheneg
Women's NCAA Tournament #1 Seeds
pecheneg
Celebrity Mug Shots
pecheneg
Trending Topics
Kpop
Harry Potter
Disney
Anime
Crossword
NBA
Marvel
Song
Country
Pokémon
Puzzle
Soccer
WWE
NFL
The Office
Your Account Isn't Verified!
In order to create a playlist on Sporcle, you need to verify the email address you used during registration. Go to your
Sporcle Settings
to finish the process.
Report this User
Report this user for behavior that violates our
Community Guidelines
.
Details:
Send Report
Go to the Sporcle.com Mobile Site →
Comments